| 000 | 00407nam a2200157Ia 4500 | ||
|---|---|---|---|
| 008 | 160316s9999 xxu||||| |||| 00| 0 eng d | ||
| 082 |
_a346.043620 _bLAN |
||
| 100 | _a | ||
| 245 | _aLand acquision displacement and rehabilitation | ||
| 250 | _a | ||
| 260 |
_a _b _c0 |
||
| 300 |
_a41 _b _c |
||
| 365 | _b | ||
| 650 | _a1. National policy - rehabilitation - displacement 2. Public interest | ||
| 700 |
_a _a |
||
| 999 |
_c39913 _d39913 |
||